000 00617cam a22002173a 4500
001 34415
003 PGUSA
005 20140828083737.0
008 101123s2010||||xxu|||||s|||||000 | eng d
040 _aPGUSA
_beng
042 _adc
100 1 _aBindloss, Harold,
_d1866-1945
245 1 0 _aFor the Allinson Honor
_h[electronic resource] /
_cHarold Bindloss
260 _bProject Gutenberg,
_c2010
506 _aPublic domain in the USA.
516 _aElectronic text
700 1 _aCuneo, Cyrus,
_d1879-1916
830 0 _aProject Gutenberg
_v34415
856 4 0 _uhttp://www.gutenberg.org/ebooks/34415
942 _cEB
999 _c263670
_d263670